000 00640nam a2200217Ia 4500
001 8538
003 GE_BSU
008 181216s||||||||xx |||||||||||||| ||und||
040 _cGE_BSU
080 _a821.353.1-1
100 _aვარშანიძე,მამია.
245 _aფიცი:ლექსები
245 _cრედ:რ.ართილაყვა;მხატვ:გ.ხოჯაშვილი.
260 _aბათუმი.
260 _bსაბჭ.აჭარა.
260 _c1970.
300 _a102გვ;16სმ.
653 _aლექსები
653 _aფიცი
942 _cBK
999 _c41855
_d41855